Pays où Toxic de Britney Spears s'est classé - Statistiques

Statistiques générales
  • Ce quiz a été pris 53 fois
  • Le résultat moyen est 23 sur 34
Statistiques - réponses
Position dans les charts Pays % Correct
5 Espagne
100%
9 États Unis
100%
3 France
100%
1 Canada
96%
4 Italie
96%
1 Royaume Uni
93%
4 Mexique
89%
6 Belgique
87%
7 Japon
87%
2 Brésil
84%
1 Portugal
82%
1 Argentine
78%
1 Australie
76%
2 Suède
73%
4 Allemagne
71%
4 Suisse
71%
1 Chili
67%
1 Irlande
67%
1 Norvège
67%
4 Pays Bas
67%
4 Danemark
64%
8 Finlande
64%
1 Pérou
62%
4 Roumanie
60%
5 Autriche
53%
2 Nouvelle Zélande
53%
1 Hongrie
51%
7 Grèce
49%
1 Croatie
44%
1 Tchéquie
40%
2 Uruguay
40%
5 Venezuela
40%
3 Paraguay
33%
1 Philipines
2%
Aucun quiz correspondant
Distribution des résultats
% des personnes avec chaque résultat
Percentile par nombre de réponses
Votre historique - résultats
Vous n’avez pas pris ce quiz